Doping Graphene Sheets Grown by Chemical Vapor Deposition Synthesis and the Influence of Nitrogen, Oxygen and Bromine Dopants on Electrical Resistance/ (Record no. 609681)

000 -LEADER
fixed length control field 00580nam a22001577a 4500
003 - CONTROL NUMBER IDENTIFIER
control field NUST
038 ## - RECORD CONTENT LICENSOR
Staff Name Nusrat Nadeem
082 ## - DEWEY DECIMAL CLASSIFICATION NUMBER
Classification number 200
100 ## - MAIN ENTRY--PERSONAL NAME
Personal name Hasan, Maria
245 ## - TITLE STATEMENT
Title Doping Graphene Sheets Grown by Chemical Vapor Deposition Synthesis and the Influence of Nitrogen, Oxygen and Bromine Dopants on Electrical Resistance/
Statement of responsibility, etc. Maria Hasan
264 ## - PRODUCTION, PUBLICATION, DISTRIBUTION, MANUFACTURE, AND COPYRIGHT NOTICE
Place of production, publication, distribution, manufacture Islamabad;
Name of producer, publisher, distributor, manufacturer SNS NUST;
Date of production, publication, distribution, manufacture, or copyright notice 2022;
650 ## - SUBJECT ADDED ENTRY--TOPICAL TERM
Topical term or geographic name entry element PhD- Chemistry
700 ## - ADDED ENTRY--PERSONAL NAME
Personal name Supervisor: Dr. Nasir Mahmood Ahmad
856 ## - ELECTRONIC LOCATION AND ACCESS
Uniform Resource Identifier <a href="http://10.250.8.41:8080/xmlui/handle/123456789/3202">http://10.250.8.41:8080/xmlui/handle/123456789/3202</a>
942 ## - ADDED ENTRY ELEMENTS (KOHA)
Source of classification or shelving scheme
Koha item type Thesis
Holdings
Withdrawn status Permanent Location Current Location Date acquired Full call number Barcode Koha item type
  Central Library (CL) Central Library (CL) 06/12/2024 200 CLPT-504 Thesis
© 2023 Central Library, National University of Sciences and Technology. All Rights Reserved.